| 000 | 01009nam a2200313 i 4500 | ||
|---|---|---|---|
| 003 | EG-GICUC | ||
| 005 | 20260121101429.0 | ||
| 008 | 251204s2004 fr ||||fr|||| 000 0 fre d | ||
| 020 | _a2233004450 | ||
| 040 |
_aEG-GiCUC _bara _cEG-GiCUC _dEG-GiCUC _eRda |
||
| 041 | _afre | ||
| 082 | 0 | 4 |
_221 _a341 _bSO . P |
| 092 | 0 | 4 | _221 |
| 099 | _aLaw1 11 341 SO . P 2004 | ||
| 110 | _ksociete francaise pour le droit international | ||
| 245 | 1 | 2 |
_aLa pratique et le droit international / _csociete francaise pour le droit international. |
| 264 | 1 |
_aparis : _bÉditions pedone, _c2004. |
|
| 300 |
_a308 page ; _c 24 cm. |
||
| 336 |
_2rda contenu _a texte |
||
| 337 |
_2rda medias _aOrdinateur |
||
| 338 |
_2 transporteur rda _a Ressource en ligne |
||
| 504 | _aIncludes bibliographical references. | ||
| 546 | _aTexte en français | ||
| 650 | 1 | 4 |
_aDroit international _2qrmak |
| 651 | 1 | _2qrmak | |
| 856 | 4 | 0 | _uhttps://fll.law.cu.edu.eg/fulltext/bks/B11-00330.pdf |
| 905 | _a78 | ||
| 942 |
_2ddc _cBK _e21 _n0 |
||
| 999 |
_c48312 _d48312 |
||